Al paso
Guardado en:
| Autor principal: | |
|---|---|
| Formato: | Desconocido |
| Publicado: |
Barcelona
Seix Barral
1992
|
| Colección: | Colección biblioteca Breve
|
| Materias: | |
| Etiquetas: |
Agregar Etiqueta
Sin Etiquetas, Sea el primero en etiquetar este registro!
|
MARC
| LEADER | 000000000a22000000004500 | ||
|---|---|---|---|
| 001 | 002102 | ||
| 020 | |a 968-6005-66-8 | ||
| 041 | 0 | |a español | |
| 092 | 0 | |a M864.4 P348p | |
| 100 | 1 | |a Paz, Octavio |d 1914-1998 | |
| 245 | 1 | 0 | |a Al paso |
| 260 | |a Barcelona |b Seix Barral |c 1992 | ||
| 300 | |a 213 páginas | ||
| 440 | |a Colección biblioteca Breve | ||
| 500 | |a Número de inscripción 06017 | ||
| 650 | 4 | |a LITERATURA MEXICANA | |
| 650 | 4 | |a ENSAYOS | |
| 650 | 4 | |a HISTORIA Y CRITICA | |
| 999 | |c 2971 |d 2971 | ||



